El Instituto Psicotécnico de Barcelona : su evolución / M. Borrás París su evolución / M. Borrás París
Descripción Física:
11 p. : il. ; 25 cm
Materias:
Institut Psicotècnic de Barcelona
MARC
| LEADER | 00000nam a2200000Ia 4500 | ||
|---|---|---|---|
| 001 | 14763 | ||
| 008 | 160829s9999 xx 000 0 cat d | ||
| 080 | |a FU-30-2 | ||
| 100 | |a Borrás París, Manuel |9 22794 | ||
| 245 | |a El Instituto Psicotécnico de Barcelona : |b su evolución / M. Borrás París | ||
| 260 | |a Barcelona : |b Instituto Psicotécnico, [1951?] | ||
| 300 | |a 11 p. : |b il. ; |c 25 cm | ||
| 490 | |a Monografías, estudios y documentaciones psicotécnicas | ||
| 590 | |a A la part baixa de la portada: Publicado en el no. 5 de la revista 'San Jorge' de la Exma. Diputación Provincial de Barcelona correspondiente al mes de julio de 1951 | ||
| 610 | 2 | 0 | |a Institut Psicotècnic de Barcelona |9 54312 |
| 710 | 2 | |9 54312 |a Institut Psicotècnic de Barcelona | |
| 901 | |a Arxiu | ||
| 942 | |n 1 |2 udc | ||
| 952 | |0 0 |1 0 |4 0 |6 FU302 |7 1 |9 42334 |a Arxiu |b Arxiu |d 2016-12-01 |l 0 |o FU-30-2 |p 14763 |r 2016-12-01 00:00:00 |w 2016-12-01 |y ARXIU | ||
| 999 | |c 44812 |d 44812 | ||